| 000 | 00897nam a22003017a 4500 | ||
|---|---|---|---|
| 003 | CHAP | ||
| 005 | 20220329141237.0 | ||
| 008 | 971010s1977 r 00010 d | ||
| 010 | _a65018 | ||
| 011 | _a65990 | ||
| 035 | _a73722 | ||
| 040 | _cCHAP | ||
| 082 |
_a335.4 _bT54Y |
||
| 100 | 0 | 0 |
_aTrotsky, Leon. _9115328 |
| 245 | _aEn defensa del marxismo | ||
| 260 |
_aBarcelona : _bFontamara, _c1977 |
||
| 300 | _a254 p. | ||
| 490 | _aNaturaleza de la cosas | ||
| 590 |
_aBATCH-UPD _b10 _c20130110 _lUCH01 _h0413 |
||
| 590 |
_aBATCH-UPD _b10 _c20130110 _lUCH01 _h2126 |
||
| 590 |
_aCONVERSION _b10 _c20130109 _lUCH01 _h1335 |
||
| 650 | 1 | 4 |
_aMarxismo. _972728 |
| 830 | 0 |
_aNaturaleza de la cosas _980414 |
|
| 901 | _aBK | ||
| 942 | _cLIBRO | ||
| 949 |
_a335.4 T74Y _bBC _cLIBRO _d33724000342507 _eLIBRO _h64607 _i73722 _si |
||
| 949 |
_a335.4 T74Y _bBC _cLIBRO _d33724000342515 _eLIBRO _fc.2 _h64608 _i73722 _si |
||
| 999 |
_c65018 _d65018 |
||